LEADER 01191nam0 22002891i 450 001 RML0265181 005 20231121125722.0 010 $a8845806944 100 $a20121121d2002 ||||0itac50 ba 101 | $aita 102 $ait 181 1$6z01$ai $bxxxe 182 1$6z01$an 200 1 $aAlcuni indicatori del mercato del lavoro in Italia e in Europa$eanni 1994-1997$epanel europeo sulle famiglie$fSistema Statistico Nazionale, Istituto Nazionale di Statistica 210 $aRoma $cIstituto Nazionale di Statistica $d2002 215 $a74 p.$ctav.$d30cm. 606 $aLavoro Domanda e offerta Italia Statistiche$2FIR$3RMLC405265$9I 676 $a331.1$9$v20 712 02$aIstat$3RMLV146882 801 3$aIT$bIT-01$c20121121 850 $aIT-FR0098 899 $aBiblioteca Area Giuridico Economica$bFR0098 912 $aRML0265181 950 0$aBiblioteca Area Giuridico Economica$d 53TER ISTAT-Informazioni-2002-25$e 53VM 0000355135 VM barcode:ECO013200. - Fondo:Sala consultazioneVM$fB $h20031002$i20121204 977 $a 53 996 $aAlcuni indicatori del mercato del lavoro in Italia e in Europa$93624499 997 $aUNICAS LEADER 01039nam2 2200265 i 450 001 RMS2876294 005 20231121125812.0 100 $a20191216d2018 ||||0itac50 ba 101 | $aita 102 $ait 181 1$6z01$ai $bxxxe 182 1$6z01$an 200 0 $a1 210 $aPisa$aRoma$cSerra$d2018 215 $aLXXV, 685 p.$cill., 1 ritratto$d25 cm. 461 1$1001RMS2876286$12001 $aMediterranei orbis gentium linguae et scripturae$erecueil des écrits$fMichel Lejeune$gsous la direction de Dominique Briquel ... [et al.]$v1 801 3$aIT$bIT-01$c20191216 850 $aIT-RM028 $aIT-FR0017 899 $aBiblioteca Universitaria Alessandrina$bRM028 899 $aBiblioteca umanistica Giorgio Aprea$bFR0017 $eN 912 $aRMS2876294 950 2$aBiblioteca umanistica Giorgio Aprea$d 52MAG 16/79$e 52DLF0000005075 VMN RS Buono di carico DLF n°142 del 25/07/2022$fA $h20220727$i20220727 977 $a 01$a 52 996 $a1$961339 997 $aUNICAS